<?xml version="1.0" encoding="UTF-8"?><?xml-stylesheet type="text/xsl" href="static/style.xsl"?><OAI-PMH xmlns="http://www.openarchives.org/OAI/2.0/" xmlns:xsi="http://www.w3.org/2001/XMLSchema-instance" xsi:schemaLocation="http://www.openarchives.org/OAI/2.0/ http://www.openarchives.org/OAI/2.0/OAI-PMH.xsd"><responseDate>2026-04-14T05:46:44Z</responseDate><request verb="GetRecord" identifier="oai:www.recercat.cat:10230/68337" metadataPrefix="marc">https://recercat.cat/oai/request</request><GetRecord><record><header><identifier>oai:recercat.cat:10230/68337</identifier><datestamp>2025-12-20T17:04:30Z</datestamp><setSpec>com_2072_6</setSpec><setSpec>col_2072_452952</setSpec></header><metadata><record xmlns="http://www.loc.gov/MARC21/slim" xmlns:dcterms="http://purl.org/dc/terms/" xmlns:xsi="http://www.w3.org/2001/XMLSchema-instance" xmlns:doc="http://www.lyncode.com/xoai" xsi:schemaLocation="http://www.loc.gov/MARC21/slim http://www.loc.gov/standards/marcxml/schema/MARC21slim.xsd">
   <leader>00925njm 22002777a 4500</leader>
   <datafield ind2=" " ind1=" " tag="042">
      <subfield code="a">dc</subfield>
   </datafield>
   <datafield ind2=" " ind1=" " tag="720">
      <subfield code="a">Aránguiz Ramírez, Julieta</subfield>
      <subfield code="e">author</subfield>
   </datafield>
   <datafield ind2=" " ind1=" " tag="720">
      <subfield code="a">Olivares Tirado, Pedro</subfield>
      <subfield code="e">author</subfield>
   </datafield>
   <datafield ind2=" " ind1=" " tag="720">
      <subfield code="a">Baeza Correa, Cecilia</subfield>
      <subfield code="e">author</subfield>
   </datafield>
   <datafield ind2=" " ind1=" " tag="720">
      <subfield code="a">Castells, Xavier</subfield>
      <subfield code="e">author</subfield>
   </datafield>
   <datafield ind2=" " ind1=" " tag="260">
      <subfield code="c">2024-10-24T06:55:33Z</subfield>
   </datafield>
   <datafield ind2=" " ind1=" " tag="260">
      <subfield code="c">2024-10-24T06:55:33Z</subfield>
   </datafield>
   <datafield ind2=" " ind1=" " tag="260">
      <subfield code="c">2024</subfield>
   </datafield>
   <datafield ind2=" " ind1=" " tag="520">
      <subfield code="a">Introducción: La incontinencia urinaria impacta de forma negativa la calidad de vida de quienes la padecen y puede perjudicar las actividades laborales, siendo causante de presentismo en las profesionales de salud. Esto puede implicar la disminución en la calidad de la atención y seguridad de la/el paciente. El objetivo del presente estudio es explorar la autopercepción de las trabajadoras de salud que padecen incontinencia urinaria como factor predisponente de presentismo. Métodos: Estudio mixto de carácter exploratorio-descriptivo. La muestra fue seleccionada de forma no probabilística e intencionada por criterio y conveniencia con un tamaño de 14 voluntarias, considerando la saturación de la información. Para el proceso y análisis de datos temáticos se consideraron los criterios de confiabilidad definidos por Guba. Resultados: Muestra con edad media de 38,9 + 7,1 años y un puntaje de SPS-6 medio de 15,8 + 3,5 puntos, mostrando mayor alteración en la dimensión de evitar la desconcentración. Las narrativas presentes en el caso estudiado aportaron información relevante de cómo la incontinencia urinaria afecta el desempeño laboral de las trabajadoras de salud a través de la interrupción en su jornada, disminución en la calidad de la atención clínica, como también el aumento de su ansiedad respecto a su entorno. Conclusiones: Dado que la incontinencia urinaria y el presentismo son experiencias subjetivas y multidimensionales, al igual que el efecto negativo en el desempeño laboral, se recomienda un estudio que permita identificar variables predictoras y las pérdidas económicas asociadas a esta condición. Con ello se buscaría establecer mejoras en el ambiente laboral, así como en el autocuidado de funcionarias, procurando mayores beneficios y mejores niveles de eficiencia en la organización.</subfield>
   </datafield>
   <datafield tag="653" ind2=" " ind1=" ">
      <subfield code="a">Efficiency</subfield>
   </datafield>
   <datafield tag="653" ind2=" " ind1=" ">
      <subfield code="a">Presenteeism</subfield>
   </datafield>
   <datafield tag="653" ind2=" " ind1=" ">
      <subfield code="a">Urinary incontinence</subfield>
   </datafield>
   <datafield tag="653" ind2=" " ind1=" ">
      <subfield code="a">Woman</subfield>
   </datafield>
   <datafield tag="653" ind2=" " ind1=" ">
      <subfield code="a">Work performance</subfield>
   </datafield>
   <datafield ind2="0" ind1="0" tag="245">
      <subfield code="a">Incontinencia urinaria en trabajadoras de la salud como factor predisponente de presentismo en Chile: estudio exploratorio de método mixto</subfield>
   </datafield>
</record></metadata></record></GetRecord></OAI-PMH>